| 000 | 00609nam a2200157Ia 4500 | ||
|---|---|---|---|
| 008 | 0000002002 pr d 0000000000spa00 | ||
| 090 | _aPPR02 R61i | ||
| 100 | 1 |
_aRocheRabell, Arnaldo _d1955 |
|
| 245 | 1 | 0 |
_aImágenes de Fraternos _b: Arnaldo Roche [Disco compacto] |
| 300 | _a1 CD ROM bajo Windows ; 12 cm. | ||
| 600 | 0 | 0 |
_aROCHERABELL, ARNALDO, 1955 / _xTRABAJOS PICTORICOS |
| 650 | 1 | 4 | _aARTE CONTEMPORANEO PUERTORRIQUEÑO CDROM |
| 650 | 1 | 4 | _aPINTORES PUERTORRIQUEÑOS CDROM |
| 650 | 1 | 4 | _aPINTURA PUERTORRIQUEÑA CDROM |
| 999 |
_c8666 _d8666 |
||
| 260 |
_aSan Juan (Puerto Rico) : Walter Otero Gallery _c2002 |
||